The Hits Of The Electric Light Orchestra - Statistics

General Stats
  • This quiz has been taken 52 times
  • The average score is 14 of 20
Answer Stats
Hint Answer % Correct
Don't Bring Me Down
95%
Telephone Line
90%
Turn To Stone
90%
Evil Woman
90%
Mr Blue Sky
85%
Roll Over Beethoven
83%
Strange Magic
80%
Last Train To London
80%
All Over The World
76%
Livin' Thing
76%
Hold On Tight
71%
Sweet Talking Woman
63%
The Diary Of Horace Wimp
61%
Rock And Roll Is King
61%
Shine A Little Love
61%
Wild West Hero
56%
10538 Overture
56%
Ticket To The Moon
51%
Ma Ma Ma Belle
49%
I'm Alive
34%
No matching quizzes found
Score Distribution
Percent of People with Each Score
Percentile by Number Answered
Your Score History
You have not taken this quiz